|
|
|
|
| LEADER |
02766nam a2200625 a 4500 |
| 001 |
nkc20071752521 |
| 003 |
CZ PrNK |
| 005 |
20210920140144.0 |
| 007 |
ta |
| 008 |
070920s2007 xr abc e 000 0 cze |
| 015 |
|
|
|a cnb001752521
|
| 020 |
|
|
|a 978-80-251-1782-8
|q (váz.)
|
| 035 |
|
|
|a (OCoLC)190424958
|
| 040 |
|
|
|a OLA001
|b cze
|d BOA001
|d ABA001
|
| 041 |
1 |
|
|a cze
|h eng
|
| 043 |
|
|
|a n-us---
|a p------
|
| 045 |
|
|
|a x3x4
|
| 072 |
|
7 |
|a 355/359
|x Vojenství. Obrana země. Ozbrojené síly
|2 Konspekt
|9 15
|
| 080 |
|
|
|a 355.1
|2 MRF
|
| 080 |
|
|
|a 355.318
|2 MRF
|
| 080 |
|
|
|a 355.422
|2 MRF
|
| 080 |
|
|
|a 355.48(100)"1939/1945"
|2 MRF
|
| 080 |
|
|
|a (73)
|2 MRF
|
| 080 |
|
|
|a (9)
|2 MRF
|
| 080 |
|
|
|a (0:82-96)
|2 MRF
|
| 100 |
1 |
|
|a Rottman, Gordon L.,
|d 1947-
|7 mzk2007401329
|4 aut
|
| 245 |
1 |
0 |
|a Speciální jednotky USA v Pacifiku za druhé světové války /
|c Gordon Rottman ; [překlad Petr Antonín]
|
| 250 |
|
|
|a Vyd. 1.
|
| 260 |
|
|
|a Brno :
|b Computer Press,
|c 2007
|
| 300 |
|
|
|a 92 s. :
|b il. (některé barev.), mapy, portréty ;
|c 26 cm
|
| 500 |
|
|
|a Přeloženo z angličtiny
|
| 500 |
|
|
|a Chronologický přehled
|
| 504 |
|
|
|a Obsahuje bibliografii
|
| 610 |
1 |
7 |
|a Spojené státy americké.
|b Army.
|b Special Forces
|7 kn20050314001
|2 czenas
|
| 648 |
|
7 |
|a 1939-1945
|7 ch460653
|2 czenas
|
| 650 |
0 |
7 |
|a ozbrojené síly
|7 ph123886
|z Spojené státy americké
|y 1939-1945
|2 czenas
|
| 650 |
0 |
7 |
|a speciální jednotky (vojenství)
|7 ph125893
|z Spojené státy americké
|y 1939-1945
|2 czenas
|
| 650 |
0 |
7 |
|a bojové operace
|7 ph137689
|z Spojené státy americké
|y 1939-1945
|2 czenas
|
| 650 |
0 |
7 |
|a speciální operace (vojenství)
|7 ph125895
|z Spojené státy americké
|y 1939-1945
|2 czenas
|
| 650 |
0 |
7 |
|a druhá světová válka (1939-1945)
|7 ph117270
|z Tichý oceán (oblast)
|2 czenas
|
| 650 |
0 |
9 |
|a armed forces
|z United States
|y 1939-1945
|2 eczenas
|
| 650 |
0 |
9 |
|a special forces (military science)
|z United States
|y 1939-1945
|2 eczenas
|
| 650 |
0 |
9 |
|a war operations
|z United States
|y 1939-1945
|2 eczenas
|
| 650 |
0 |
9 |
|a special operations (military science)
|z United States
|y 1939-1945
|2 eczenas
|
| 650 |
0 |
9 |
|a World War (1939-1945)
|z Pacific Area
|2 eczenas
|
| 655 |
|
7 |
|a literatura faktu
|7 fd132773
|2 czenas
|
| 655 |
|
9 |
|a non-fiction
|2 eczenas
|
| 765 |
0 |
|
|t Battle orders 12 US special warfare units in the Pacific theater 1941-45
|9 Česky
|
| 856 |
4 |
1 |
|u http://www.digitalniknihovna.cz/mzk/uuid/uuid:1ac6cc50-c0c0-11e8-bbaa-005056827e52
|y Digitalizovaný dokument
|x NDK
|
| 910 |
2 |
|
|a BOA001
|b 3-1192.685
|
| 990 |
|
|
|a BK
|
| 995 |
|
|
|a 01
|
| 991 |
|
|
|b 200710
|c NOV
|
| 996 |
6 |
|
|b 2610321799
|c 3-1192.685
|l MZK
|r Sklad / do 1 hodiny
|n 3
|p p.v.
|w 000867787
|u 000010
|a 1
|e BOA001
|j MZK50
|s P
|
| 996 |
7 |
|
|b 2610321800
|c 3-1192.685
|l MZK
|r Sklad / do 1 hodiny
|n 7
|p p.v.
|w 000867787
|u 000020
|a 1
|e BOA001
|j MZK50
|s A
|